Ejercicios de microeconomía intermedia (Registro nro. 4905)
[ vista simple ]
| 000 -LEADER | |
|---|---|
| fixed length control field | 01876 a2200301 4500 |
| 001 - CONTROL NUMBER | |
| control field | 49891 |
| 005 - DATE AND TIME OF LATEST TRANSACTION | |
| control field | 20260407155759.0 |
| 008 - FIXED-LENGTH DATA ELEMENTS--GENERAL INFORMATION | |
| fixed length control field | 260407a1996 arg spa d |
| 003 - CONTROL NUMBER IDENTIFIER | |
| control field | AR-UNSa-BCEJYS |
| 040 ## - CATALOGING SOURCE | |
| Original cataloging agency | AR-UNSa-BCEJYS |
| Language of cataloging | spa |
| Transcribing agency | AR-UNSa-BCEJYS |
| 080 ## - UNIVERSAL DECIMAL CLASSIFICATION NUMBER | |
| Universal Decimal Classification number | 330.101.542 |
| Common auxiliary subdivision | Microeconomía |
| 020 ## - INTERNATIONAL STANDARD BOOK NUMBER | |
| International Standard Book Number | 84-85855-85-X |
| 041 ## - LANGUAGE CODE | |
| Language code of text/sound track or separate title | spa |
| 100 1# - MAIN ENTRY--PERSONAL NAME | |
| Personal name | Bergstrom, Theodore C. |
| 245 10 - TITLE STATEMENT | |
| Title | Ejercicios de microeconomía intermedia |
| 250 ## - EDITION STATEMENT | |
| Edition statement | 4a. ed. |
| 264 #1 - PRODUCTION, PUBLICATION, DISTRIBUTION, MANUFACTURE, AND COPYRIGHT NOTICE | |
| Place of production, publication, distribution, manufacture | Barcelona : |
| Name of producer, publisher, distributor, manufacturer | Antoni Bosch |
| Date of production, publication, distribution, manufacture, or copyright notice | 1996 |
| 300 ## - PHYSICAL DESCRIPTION | |
| Extent | viii, 433 p. |
| Dimensions | 27 cm. |
| 505 ## - FORMATTED CONTENTS NOTE | |
| Formatted contents note | 1. El mercado – 2. La restricción presupuestaria – 3. Las preferencias – 4. La utilidad – 5. La elección – 6. La demanda – 7. La preferencia revelada – 8. La ecuación de Slutsky – 9. La compra y la venta – 10. La elección intertemporal – 11. Los mercados de activo – 12. La incertidumbre – 13. Los activos inciertos – 14. El excedente del consumidor – 15. La demanda del mercado – 16. El equilibrio – 17. La tecnología – 18. La maximización del beneficio – 19. La minimización de los costes – 20. Las curvas de costes – 21. La oferta de la empresa – 22. La oferta de la industria – 23. El monopolio – 24. La conducta del monopolio – 25. Los mercados de factores – 26. El oligopolio – 27. La teoría de los juegos – 28. El intercambio – 29. La producción – 30. El bienestar – 31. Las externalidades – 32. Derecho y economía – 33. La tecnología de la información – 34. Los bienes públicos – 35. La información. |
| 590 ## - LOCAL NOTE (RLIN) | |
| Local note | niveau_biblio:m niveau_hierar:0 |
| 700 1# - ADDED ENTRY--PERSONAL NAME | |
| Personal name | Varian, Hal R. |
| 700 1# - ADDED ENTRY--PERSONAL NAME | |
| Personal name | Fominaya, Marina |
| 700 1# - ADDED ENTRY--PERSONAL NAME | |
| Personal name | Ley, Eduardo |
| 700 1# - ADDED ENTRY--PERSONAL NAME | |
| Personal name | Rabasco, María Esther |
| 700 1# - ADDED ENTRY--PERSONAL NAME | |
| Personal name | Toharia, Luis |
| 856 41 - ELECTRONIC LOCATION AND ACCESS | |
| Uniform Resource Identifier | <a href="https://www.biblioeco.unsa.edu.ar/pmb/images/libros/L128215.jpg">https://www.biblioeco.unsa.edu.ar/pmb/images/libros/L128215.jpg</a> |
| Link text | Imagen de portada |
| Electronic format type | image/jpeg |
| 942 ## - ADDED ENTRY ELEMENTS (KOHA) | |
| Koha item type | |
| Withdrawn status | Lost status | Damaged status | Not for loan | Home library | Current library | Shelving location | Date acquired | Total checkouts | Full call number | Barcode | Date last seen | Price effective from | Koha item type |
|---|---|---|---|---|---|---|---|---|---|---|---|---|---|
| Biblioteca Prof. Eusebio Cleto del Rey | Biblioteca Prof. Eusebio Cleto del Rey | 07/04/2026 | 330.101.542 B493 4ed. | L128215 | 07/04/2026 | 07/04/2026 | Libro |